Gyógyszerpiaci sajátosságok a Q Pharma Kft. példáján keresztül

Bibliográfiai részletek
Szerző: Kuncsik Katalin
További közreműködők: Szánthó Dr. Zsuzsanna
Dokumentumtípus: Diplomadolgozat
Kulcsszavak:Gyógyszerpiac
Gyógyszer kereskedelem
Gyógyszeripar
Online Access:http://dolgozattar.uni-bge.hu/3860

MARC

LEADER 00000nta a2200000 i 4500
001 dolg3860
005 20160519131857.0
008 151207suuuu hu om 000 hun d
040 |a BGE Dolgozattár Repozitórium  |b hun 
041 |a hu 
100 1 |a Kuncsik Katalin 
245 1 0 |a Gyógyszerpiaci sajátosságok a Q Pharma Kft. példáján keresztül  |c Kuncsik Katalin  |h [elektronikus dokumentum] 
695 |a Gyógyszerpiac 
695 |a Gyógyszer kereskedelem 
695 |a Gyógyszeripar 
700 1 |a Szánthó Dr. Zsuzsanna  |e ths 
856 4 0 |u http://dolgozattar.uni-bge.hu/3860/1/Gy%C3%B3gyszerpiaci%20saj%C3%A1toss%C3%A1gok%20a%20Q%20Pharma%20Kft.%20p%C3%A9ld%C3%A1j%C3%A1n%20kereszt%C3%BCl-Szakdolgozat.pdf  |z Dokumentum-elérés